Memoria : programación 1999-2002.

Guardat en:
Dades bibliogràfiques
Autor corporatiu: Organización de Estados Iberoamericanos
Format: Llibre
Idioma:espanyol
Matèries:
Etiquetes: Afegir etiqueta
Sense etiquetes, Sigues el primer a etiquetar aquest registre!

MARC

LEADER 00000cam^a2200000uu^4500
001 000493120
005 20250521000000.0
008 032605s2002^^^^^^^^^^^^rd^r^^000^0^spa^d
009 20260310125455.207
022 |a 8476661525 
035 |a FCE 000036493 
035 |a FCE 036538 
037 |a Acervo ITESO - Biblioteca 
041 |a spa 
082 0 4 |a 060  |b OEIm 
110 |a Organización de Estados Iberoamericanos 
245 1 0 |a Memoria :  |b programación 1999-2002. 
264 |a Madrid :  |b OEI,  |c 2002. 
300 |a 377 p. :  |b il. 
336 |a texto  |b txt  |2 rdacontenido 
337 |a sin mediación  |b n  |2 rdamedio 
338 |a volumen  |b nc  |2 rdasoporte 
610 |a OEI 
649 |a XX 
650 |a Cultura 
650 |a Educación 
650 |a Tecnología 
650 |a Memoria 
650 |a Ciencia 
650 |a Organismo internacional 
650 |a América Latina 
650 |a España 
910 |a Fondo Centro de Estudios Educativos 
920 |a Impresos - Libros 
930 |a Fondos Especiales 
905 |a 133 
901 |a ALE036538  |b IT2  |c CEE  |u 20250521 
902 |a https://opac.biblio.iteso.mx/vufind/Record/000493120